Islam may askari jazbay muharika ka tasawar (Record no. 582510)

000 -LEADER
fixed length control field 00466nam a22001697a 4500
003 - CONTROL NUMBER IDENTIFIER
control field CEME
005 - DATE AND TIME OF LATEST TRANSACTION
control field 20210628205833.0
008 - FIXED-LENGTH DATA ELEMENTS--GENERAL INFORMATION
fixed length control field 210317b xxu||||| |||| 00| 0 eng d
040 ## - CATALOGING SOURCE
Transcribing agency .
082 ## - DEWEY DECIMAL CLASSIFICATION NUMBER
Classification number 297.72 SAT
100 ## - MAIN ENTRY--PERSONAL NAME
Personal name Satti, Muhammad Gul Nawaz.Maj
9 (RLIN) 77196
245 ## - TITLE STATEMENT
Title Islam may askari jazbay muharika ka tasawar
260 ## - PUBLICATION, DISTRIBUTION, ETC.
Place of publication, distribution, etc. QUETTA
Name of publisher, distributor, etc. ARMY EDUCATION CORP
Date of publication, distribution, etc. 1999
300 ## - PHYSICAL DESCRIPTION
Extent 290P
650 ## - SUBJECT ADDED ENTRY--TOPICAL TERM
Topical term or geographic name entry element JEHAD-TASAWAR ISLAM-CONCEPT-JEHAD
9 (RLIN) 77197
942 ## - ADDED ENTRY ELEMENTS (KOHA)
Koha item type Book
Source of classification or shelving scheme
Holdings
Withdrawn status Lost status Damaged status Not for loan Permanent Location Current Location Shelving location Date acquired Total Checkouts Full call number Barcode Date last seen Price effective from Koha item type
        College of Electrical & Mechanical Engineering (CEME) College of Electrical & Mechanical Engineering (CEME) General Stacks 06/06/2017   297.72 SAT CEME-32915 06/28/2021 06/28/2021 Book
© 2023 Central Library, National University of Sciences and Technology. All Rights Reserved.